Quizzes
Events
Quiz Creation
Community
Videos
Private Events
Remove Ads
Sign In
Join for FREE
Feedback
Dark Mode
Quiz Categories
Sports
Geography
Music
Movies
Television
Just For Fun
Miscellaneous
History
Literature
Language
Science
Gaming
Entertainment
Religion
Holiday
For Kids
Quiz Lab
Recent
Popular Today
Quiz Kudos Today
Editor Picks
Curator Picks
Quizzes by...
Day
Popularity
Type
Ratings
Length
Year
Community
Subscriptions
Recent Discussions
Orange Saloon
Badges
Playlists
Quests
Create
Leaderboards
Showdown
Live 5
Trivia Bingo
Activity
Puzzle Library
Sporcle Events
Private Events
Virtual Trivia
Globe League
Become a Host
Pub Owners
SporcleCon
Opinionation
Our Games
Videos
Blog
Mobile Apps
Partnerships
Remove Ads and Go Orange
Feedback
Music
Pop Music
The Beatles
Song
Album
Lyrics
Bands
Singers
Artist
Clip
Rock
Rap
Classical
Billboard
Country Music
Kpop
Taylor Swift
Music
Pop Music
The Beatles
Song
Album
Lyrics
Bands
Singers
Artist
Clip
Rock
Rap
Classical
Billboard
Country Music
Kpop
Taylor Swift
Random Quiz
Search Sporcle
×
Quiz Lab
Quiz Lab
Music
Song
Type in answers that appear in a list
Type in answers that appear in a list
Classic
Best Score? Go Orange.
Guess the lyrics to this Muse song Stats
Can you name the lyrics to this Muse song?
By
Ravenous
12m
180 Questions
726 Plays
726 Plays
726 Plays
Comments
Comments
Give Quiz Kudos
Give Quiz Kudos
-
- Ratings
hide this ad
Replay
Link that replays current quiz
Next Quiz
Link to next quiz in quiz playlist
You Got
0%
They Got
Avg Score
71%
Avg Friend Score
Upgrade to see
Score Distribution
Jump to the score distribution portion of the page
Score
0/180
Timer
12:00
0
Plays Today
% Correct
The
97.5%
And
97.5%
the
97.5%
And
97.5%
the
97.5%
And
97.5%
the
97.5%
and
97.5%
the
97.5%
a
97.5%
and
97.5%
and
97.5%
the
97.5%
the
97.5%
a
97.5%
and
97.5%
you
90.6%
You
90.6%
is
85.3%
in
83.9%
in
83.9%
we
83.6%
We
83.6%
We
83.6%
We
83.6%
We,
83.6%
an
83.3%
be
83.1%
be
83.1%
be
83.1%
will
82.8%
to
82.8%
to
82.8%
will
82.8%
to
82.8%
to
82.8%
will
82.8%
will
82.8%
will
82.8%
will
82.8%
to
82.8%
to
82.8%
to
82.8%
will
82.8%
will
82.8%
will
82.8%
will
82.8%
us
79.6%
us
79.6%
us,
79.6%
us,
79.6%
us,
79.6%
us,
79.6%
us,
79.6%
us,
79.6%
not
79.1%
not
79.1%
not
79.1%
not
79.1%
They
78.4%
% Correct
They
78.4%
They
78.4%
They
78.4%
They
78.4%
They
78.4%
on!
77.4%
So
77%
on!
76.7%
on!
76.7%
on!
76.7%
on!
76.7%
So
76.4%
So
76.4%
So
76.4%
So
76.4%
come
75.1%
come
75.1%
come
75.1%
Come
75.1%
come
75.1%
come
75.1%
victorious.
72.9%
victorious.
72.9%
your
72.3%
control
71.9%
control,
71.9%
control
71.9%
Paranoia
71.3%
bloom,
71.2%
heart
71.2%
stop
70.7%
stop
70.7%
time
70.2%
that
70.1%
see
70.1%
see
70.1%
that
70.1%
that
70.1%
force
69.7%
force
69.7%
resume,
68.7%
never
68.7%
never
68.7%
all
68.3%
all
68.3%
PR
68.2%
its
68%
It's
68%
keep
67.6%
keep
67.6%
keep
67.6%
had
67.6%
our
67.5%
our
67.5%
truth
67.2%
truth
67.2%
degrading
66.9%
fat
66.9%
degrading
66.9%
attack,
66.7%
% Correct
down,
66.3%
cats
66.3%
around.
65.6%
around
65.6%
try
65.4%
take
65.4%
take
65.4%
transmissions
65%
have
64.7%
mind
63.6%
know
63.5%
end,
63.1%
push
62.5%
up
60.5%
drugs
60.2%
flag
59.2%
die.
58.1%
They'll
57.9%
dumbed
57.7%
could
57.3%
back,
57.3%
If
57.2%
power
56.7%
watch
56.7%
red
56.1%
let
56.1%
green
55.9%
afraid
55.9%
tape
55.2%
coming
55.2%
ascend.
55.2%
revolution
54.7%
should
54.5%
Rise
54.5%
their
54.4%
Another
54.3%
another
54.3%
another
54.3%
confined.
54.1%
wrapped
53.9%
minds,
53.9%
toll,
53.6%
unify
53.6%
eye,
53%
hope
52.5%
time's
52.2%
promise,
52.1%
endless
51.4%
trapped
51.1%
open
51%
belts
50.6%
third
50.4%
switch
50.1%
greed,
49.2%
Interchanging
47.4%
flick
46.7%
scene,
44.8%
you'd
42.4%
lie
41.5%
packaged
39.8%
Quiz Playlist
Details
Report
Send in Message
Add To Playlist
Classic:
Type in answers that appear in a list
Last Updated: Feb 16, 2017
Quiz Scoreboard
CHALLENGE
Sign Up to Join the Scoreboard
Show All
Scores
Hide
Comments
May contain spoilers
Recently Published
Presidents Visiting Landmarks
by Hejman
History
7m
An Introduction to Baseball
by treessimontrees
Sports
5m
Movies - When Are They Set?
by FPL_Elf
Movies
5m
More to Explore
Quiz From the Vault
Featured Blog Post
Where Did the Easter Bunny Come From?
hide this ad
You Might Also Like...
Tags
Song Quiz
muse
Today's Top Quizzes in Music
Browse Music
hide this ad
Today's Top Quizzes in Song
Browse Song
Top Contributed Quizzes in Music
1
Taylor Swift All Songs (2024)
2
Guess the Artist- 70s Songs
3
Taylor Swift Logic Puzzle
4
KPOP LOGIC QUIZ
5
One Thing in Common: Music
6
2010s Album by Cover III
7
7-to-1: Billboard Hot 100 #1 Hits of 2010s
8
Guess the Taylor Swift song (Mystery Song)
9
Sorting Albums and Songs
10
2000s Album Cover Bunker
Explore More
Trending Topics
Marvel
Disney
Harry Potter
Anime
Crossword
NBA
Kpop
Pokémon
Country
Song
NFL
WWE
Soccer
The Office
Puzzle
hide this ad
More By:
Ravenous
Quiz
Plays
Rating
Category
Featured
Created
Can you name the missing words from these Muse songs?
1,749
4.70
Music
Jun 4, 2011
Alan's Wolf Pack Speech from The Hangover
1,037
5.00
Movies
May 31, 2011
Guess the lyrics to this Muse song
726
5.00
Music
Apr 9, 2011
Pixar A-Z
485
2.50
Movies
Apr 16, 2011
Harry Potter Letter Chain Game
483
2.80
Literature
Apr 15, 2011
Go to Creator's Profile
Score Distribution
Quiz Creator Spotlight
Ravenous
Follow
Send a Message
Quizzes Created
-
Created Quiz Play Count
-
More By This Creator
Popular Quizzes Today
1
Find the US States - No Outlines Minefield
2
Find the Countries of Europe - No Outlines Minefield
3
The Countries of the World
4
Find the US States
5
Popular People in 1961
6
US States
7
Risky Map Clicking: Biggest States A-Z
8
1-10 Letter E Words III
More Music Quizzes
The Chicks Albums
Published
Trending Quizzes
Risky Map Clicking: Least Populous States A-Z
1-10 Letter G Words
1-10 Letter F Words
Risky Map Clicking: Next State Alphabetically
Risky Map Clicking: Biggest States A-Z
Recently Updated
Leaping Animals
pecheneg
Reality TV Shows (A-Z)
bhenderson79
Rickey Henderson's Hall of Fame Teammates
pecheneg
Champions League XIs: Arsenal
pecheneg
Quick Pick: Celebrities in WWE's Hall of Fame
aduchscher
A-Z Keypad Blitz II
pecheneg
Multiple Oscar Actors
pecheneg
Mystery Phrase Blitz: Oscar 'Best Actors'
pecheneg
F. Scott Fitzgerald Novels
LTH
Pick 3 Villains
ddd62291
Trending Topics
Marvel
Crossword
Harry Potter
Kpop
Anime
Disney
NBA
Soccer
WWE
Song
Pokémon
NFL
Puzzle
Country
The Office
Your Account Isn't Verified!
In order to create a playlist on Sporcle, you need to verify the email address you used during registration. Go to your
Sporcle Settings
to finish the process.
Report this User
Report this user for behavior that violates our
Community Guidelines
.
Details:
Send Report
Go to the Sporcle.com Mobile Site →
Comments